Normal view MARC view
  • Comunismo y educación

Entry Materia

Number of records used in: 4

001 - NÚMERO DE CONTROL DEL REGISTRO

  • campo de control: 10295

003 - IDENTIFICADOR DE NUMERO DE CONTROL

  • campo de control: MX-MxUPN

005 - FECHA Y HORA DE LA ÚLTIMA TRANSACCIÓN

  • campo de control: 20250108115720.0

008 - DATOS DE LONGITUD FIJA

  • campo de control de longitud fija: 250108n| acnnnbabn | ana |d

035 ## - NÚMERO DE CONTROL DEL SISTEMA

  • Número de control del sistema: UPN10000010302

040 ## - FUENTE DE LA CATALOGACIÓN

  • Centro catalogador de origen: MX-MxUPN
  • Lengua de catalogación: spa
  • Agencia de transcripción: MX-MxUPN

150 ## - ENCABEZAMIENTO - TEMÁTICO

  • Término de materia o nombre geográfico como elemento inicial: Comunismo y educación

670 ## - FUENTE EN LA QUE SE LOCALIZARON DATOS

  • Cita de la fuente: A

680 ## - NOTA GENERAL CON DESPLIEGUE PÚBLICO

  • Encabezamiento: Usase para las obras que tratan del papel que juega le educación en la ideología comunista. Las obras que se refieren al adoctrinamento comunista en todas las fases de la educación aparecen bajo:
  • Texto explicativo: EDUCACION COMUNISTA

902 ## - CATALOGADOR

  • Catalogador: MEEG/100697